Logo BPK

Biblioteka

Politechniki Koszalińskiej

The New Yankee Workshop / (Rekord nr 47585)

Szczegóły MARC
000 -ETYKIETA REKORDU
podpole kontrolne o stałej długości 00590nam a2200217 i 4500
001 - NUMER KONTROLNY REKORDU
pole kontrolne bgj
020 ## - MIĘDZYNARODOWY ZNORMALIZOWANY NUMER KSIĄŻKI - ISBN
ISBN 0316004537
040 ## - ŹRÓDŁO KATALOGOWANIA
Instytucja, która utworzyła rekord BPK
041 0# - KOD JĘZYKA
Kod języka tekstu eng
920 ## - Międzynarodowy znormalizowany numer książki – ISBN
ISBN 0-316-00453-7
008 - POLE O STAŁEJ DŁUGOŚCI - DANE KONTROLNE
podpole kontrolne o stałej długości s uk f |000 0 eng
100 1# - NAZWA OSOBOWA
Nazwa osobowa ABRAM, Norm
245 10 - TYTUŁ/ODPOWIEDZIALNOŚĆ
Tytuł The New Yankee Workshop /
Pozostałe elementy strefy tytułu i oznaczenia odpowiedzialności by Norm Abram with Tim Snyder.
260 ## - STREFA ADRESU WYDAWNICZEGO
Miejsce wydania Boston [etc.] :
Nazwa wydawcy/dystrybutora Little, Brown and Company,
Data publikacji, dystrybucji/powstania dokumentu c. 1989.
300 ## - STREFA OPISU FIZYCZNEGO
Objętość IX, 181 pp :
Inne cechy fizyczne ill. ;
Rozmiary 29 cm.
505 ## - SFORMALIZOWANA UWAGA DOTYCZĄCA ZAWARTOŚCI
Pełny tekst uwagi Includes index.
650 #9 - HASŁO PRZEDMIOTOWE W FORMIE NAZWY OGÓLNEJ LUB JEDNOSTKOWEJ
Nazwa ogólna lub geograficzna Furnitire making
650 #9 - HASŁO PRZEDMIOTOWE W FORMIE NAZWY OGÓLNEJ LUB JEDNOSTKOWEJ
Nazwa ogólna lub geograficzna Cabinetwork
700 1# - HASŁO DODATKOWE - NAZWA OSOBOWA
Nazwa osobowa SNYDER, Tim.
Określenie związku między hasłem a opisywanym materiałem co-author
856 ## - LOKALIZACJA I DOSTĘP DO ELEKTRONICZNYCH DOKUMENTÓW ZDALNYCH
Link (URL) http://koha.tu.koszalin.pl/cgi-bin/koha/opac-detail.pl?biblionumber=47585
Tekst linku Katalog online BPK
942 ## - DODATKOWE ELEMENTY (KOHA)
Typ dokumentu Książka
Egzemplarze
Wycofany Status egzemplarza Uszkodzony Dostępność Lokalizacja stała Lokalizacja bieżąca Miejsce przechowywania Sygnatura Kod kreskowy Typ dokumentu
      Dostępny Biblioteka Politechniki Koszalińskiej Biblioteka Politechniki Koszalińskiej Wypożyczalnia Językowa KA 3960 09039278 Książka
© 2023 Biblioteka Politechniki Koszalińskiej :: KOHA